Datum a čas kvízu
26.5
Celkem bodů
Celkový počet nahraných bodů na tomto kvízu bez doplňovacích otázek.
5.
Pořadí na kvízu
Konečné umístění týmu na tomto kvízu.
Zaznamenané odpovědi
| # | Otázka | Odpověď | Body | Výsledky |
|---|---|---|---|---|
| 1. | Jeden z ministrů české vlády m... | Oto Klempíř | 1 | |
| 2. | Premiérem které země se stal R... | Nizozemska | 1 | |
| 3. | Ve kterém městě v severozápadn... | v Manchesteru | 0 | |
| 4. | V pátek byla oznámena fúze dvo... | Paramount (Skydance), Warner Bros. (Discovery) | 0.5 | |
| 5. | Armand Duplantis, světový reko... | C | 0 | |
| 6. | Název „Pyrenejský poloostrov“... | Iberský poloostrov | 0 | |
| 7. | Vyberte správné tvrzení týkají... | A | 0 | |
| 8. | Níže na mapě vidíte jisté auto... | Katalánsko, Barcelona | 1 | |
| 9. | Jak se jmenuje portugalský mys... | C | 0 | |
| 10. | Hledáme název ikonické stavby... | Belémská věž | 0 |